[Event "Wch U18 Girls"]
[Site "Durban"]
[Date "2014.09.23"]
[Round "6"]
[White "Grgic, Neomi"]
[Black "Cosman, Andreea Marioara"]
[Result "0-1"]
[WhiteElo "1935"]
[BlackElo "2018"]
[PlyCount "64"]
[EventDate "2014.09.20"]
[EventType "swiss"]
[EventRounds "11"]
[EventCountry "RSA"]
[SourceTitle "CBM 162 Extra"]
[Source "ChessBase"]
[SourceDate "2014.10.17"]
[SourceVersion "1"]
[SourceVersionDate "2014.10.17"]
[SourceQuality "1"]

1. e4 c5 2. Nf3 d6 3. d4 cxd4 4. Nxd4 Nf6 5. Nc3 a6 6. Bg5 e6 7. Qf3 h6 8. Be3 Nbd7 9. 0-0-0 Qc7 10. Qg3 b5 11. Bxb5 axb5 12. Ndxb5 Qb8 13. Nxd6+ Bxd6 14. Qxd6 Qxd6 15. Rxd6 Ke7 16. Rdd1 Bb7 17. f3 Rhc8 18. Kd2 Ne5 19. b3 Rc6 20. Na4 Nc4+ 21. bxc4 Rxa4 22. Rb1 Ba6 23. e5 Nd7 24. Rb3 Rxa2 25. Rc3 Nxe5 26. Bf2 Nxc4+ 27. Ke2 Nb6+ 28. Kd2 Na4 29. Rb3 Nc5 30. Rc3 Nb3+ 31. Rxb3 Rcxc2+ 32. Ke3 Rxf2 0-1